01441nam a2200421 a 450000100060000000300080000600500170001400600190003100700150005000800410006502000180010603500230012403500240014703500250017103500210019604000260021705000210024308000110026408000200027508200160029510000390031124501040035026000310045430000110048549000380049650400400053453301640057465000210073865000230075965000200078265000390080265100140084165500270085571000190088283000390090185600620094099900170100240049FlNmELB20241216221839.0m o d | cr cn|||||||||030703s2005 sp sb 000 0 spa d z9788490311882 a(MiAaPQ)EBC3212534 a(Au-PeEL)EBL3212534 a(CaPaEBR)ebr10721720 a(OCoLC)929433522 aFlNmELBbspacFlNmELB 4aK805b.A185 2005 a368.91 a347.65/.68(460)04a346.0522231 aAcosta Mérida, María del Pino.10aSeguro de vida y derecho de sucesionesh[recurso electronico] /cMaría del Pino Acosta Mérida. aMadrid :bDykinson,c2005. a372 p.1 aMonografias de derecho civil ;v4 aIcluye bibliografía: p.[357]-372. aRecurso electrónico. Santa Fe, Arg.: e-libro, 2015. Disponible vía World Wide Web. El acceso puede estar limitado para las bibliotecas afiliadas a e-libro. 4aSeguros de vida. 4aDerecho sucesorio. 0aLife insurance. 0aInheritance and successionzSpain. 4aEspaña. 4aLibros electrónicos.2 ae-libro, Corp. 0aMonografias de derecho civil ;v4.40uhttps://elibro.net/ereader/politecnicointernacional/56796 c40049d40049